[Event "Ghent C&D op"]
[Site "Ghent"]
[Date "2004.04.10"]
[Round "4"]
[White "Bral, Patrick"]
[Black "Jonckers, Marie Jeanne"]
[Result "0-1"]
[WhiteElo "1565"]
[BlackElo "1622"]
[PlyCount "40"]
[EventDate "2004.04.10"]
[EventType "swiss"]
[EventRounds "6"]
[EventCountry "BEL"]
[SourceTitle "EXT 2005"]
[Source "ChessBase"]
[SourceDate "2004.11.15"]
[SourceVersion "1"]
[SourceVersionDate "2004.11.15"]
[SourceQuality "1"]

1. c4 e6 2. Nc3 Nf6 3. Nf3 Be7 4. e3 0-0 5. d4 c6 6. Be2 d5 7. 0-0 Qc7 8. cxd5 exd5 9. Bd2 Bd6 10. g3 h6 11. Rc1 a6 12. a3 Bh3 13. Re1 Qe7 14. Bf1 Bg4 15. Bg2 Ne4 16. Qc2 Nd7 17. Rf1 Qf6 18. Rce1 Bxf3 19. Bh3 Rad8 20. Bc1 Ng5 0-1

[Event "Ghent C&D op"]
[Site "Ghent"]
[Date "2004.04.10"]
[Round "1"]
[White "Pauwels, Rudi"]
[Black "Bral, Patrick"]
[Result "1-0"]
[WhiteElo "1877"]
[BlackElo "1565"]
[PlyCount "57"]
[EventDate "2004.04.10"]
[EventType "swiss"]
[EventRounds "6"]
[EventCountry "BEL"]
[SourceTitle "EXT 2005"]
[Source "ChessBase"]
[SourceDate "2004.11.15"]
[SourceVersion "1"]
[SourceVersionDate "2004.11.15"]
[SourceQuality "1"]

1. d4 Nf6 2. Nf3 e6 3. e3 d5 4. Bd3 Nbd7 5. Nbd2 c5 6. c3 c4 7. Bc2 b5 8. e4 Bb7 9. Qe2 dxe4 10. Nxe4 Nxe4 11. Bxe4 Bxe4 12. Qxe4 Be7 13. 0-0 0-0 14. Bf4 Nf6 15. Qe2 Bd6 16. Bxd6 Qxd6 17. Ne5 Qd5 18. Rfe1 Nd7 19. Nxd7 Qxd7 20. Qe5 Rfd8 21. Re3 Qd5 22. Rae1 Qxe5 23. Rxe5 a6 24. f4 Re8 25. f5 f6 26. Rxe6 Rxe6 27. fxe6 Re8 28. d5 Kf8 29. d6 1-0